00584nam a2200169 a 450000500170000000800410001702000180005805000230007610000160009924500640011526000380017930000070021752000890022465000360031365000450034965000200039420140412111408.0061207s19uu xx 00 eng d a0-7636-1565-x aM 811.54bW83 2003 aWolf, Allan aThe blood hungry spleen :band other poems about our parts. aChina :bCandlewick Press,c2003. a53 aMore than thirty poems describe individual parts of the body and what they do for us aHuman Body--Juvenile literature aBody language-Juvenile literature poetry aAmerican poetry